000 00946nam a2200289 i 4500
001 000017312
003 DO-SdBNP
005 20250717074016.0
007 ta
008 100322s1985 dr r 000 0 spa d
040 _aDO-SdBNP
_bspa
_cBNPHU
_erda
041 _hspa
082 4 _a791.437
_bF897p
_222
100 1 _aHumberto, Frias,
_eautor
_4aut.
_937965
245 1 0 _aPasión de un oficio moderno /
_cFrias Humberto.
264 4 _aSanto Domingo :
_bBiblioteca Nacional Pedro Henríquez Ureña (BNPHU),
_c©1985.
300 _a149 páginas ;
_c22 cm.
336 _atexto
_btxt
_2rdacontent
337 _asin mediación
_bn
_2rdamedia
338 _avolumen
_bnc
_2rdacarrier
490 0 _aColección Orfeo
590 _aInventariado, 2018/BT
650 7 _aReseñas de películas cinematográficas
_937967
710 2 _aBiblioteca Nacional Pedro Henríquez Ureña
_981292
910 _aValidado. Control de calidad MFF
942 _2ddc
_cLBS1
999 _c16837
_d16837